Topography of the low lying area across the Missouri Valley-James basin divide in Hyde and Hand Counties, South Dakota, (Record no. 28057)

MARC details
000 -LEADER
fixed length control field 01042cam a22002531 4500
001 - CONTROL NUMBER
control field gs 46000020
003 - CONTROL NUMBER IDENTIFIER
control field DLC
005 - DATE AND TIME OF LATEST TRANSACTION
control field 20260227111351.0
008 - FIXED-LENGTH DATA ELEMENTS--GENERAL INFORMATION
fixed length control field 790612s1946 sdub s000 0 eng
010 ## - LIBRARY OF CONGRESS CONTROL NUMBER
LC control number gs 46000020
035 ## - SYSTEM CONTROL NUMBER
System control number (OCoLC)5057214
040 ## - CATALOGING SOURCE
Original cataloging agency DLC
Transcribing agency TxCM
Modifying agency DLC
042 ## - AUTHENTICATION CODE
Authentication code premarc
050 00 - LIBRARY OF CONGRESS CALL NUMBER
Classification number GB126.S8
Item number B7
100 1# - MAIN ENTRY--PERSONAL NAME
Personal name Brookman, Harold Edwin,
Dates associated with a name 1886-
245 10 - TITLE STATEMENT
Title Topography of the low lying area across the Missouri Valley-James basin divide in Hyde and Hand Counties, South Dakota,
Statement of responsibility, etc. by H. E. Brookman.
260 ## - PUBLICATION, DISTRIBUTION, ETC.
Place of publication, distribution, etc. Vermillion, South Dakota,
Name of publisher, distributor, etc. University of South Dakota,
Date of publication, distribution, etc. 1946.
300 ## - PHYSICAL DESCRIPTION
Extent [1] p. l., 5 numb. l.
Other physical details maps (6 fold. in pocket)
490 1# - SERIES STATEMENT
Series statement South Dakota Geological Survey. Report of investigations,
Volume/sequential designation no. 51
500 ## - GENERAL NOTE
General note At head of title: State of South Dakota. State Geological Survey.
650 #0 - SUBJECT ADDED ENTRY--TOPICAL TERM
Topical term or geographic name entry element Physical geography
Geographic subdivision South Dakota
-- Hyde County.
650 #0 - SUBJECT ADDED ENTRY--TOPICAL TERM
Topical term or geographic name entry element Physical geography
Geographic subdivision South Dakota
-- Hand County.
830 #0 - SERIES ADDED ENTRY--UNIFORM TITLE
Uniform title Report of investigations (South Dakota Geological Survey) ;
Volume/sequential designation no. 51.

No items available.

Powered by Koha